=LDR 00000nam 2200000 4500 =001 000454 =005 20250710083425 =035 ##$$a 0010-0725000316 =007 ta =008 250710################a##########0#ind## =020 ##$$a 978-623-307-623-4 =082 ##$$a 398.280. 2 =084 ##$$a 398.280. 2 ZIK l =100 #$$a Zikode, Phumy =245 1#$$a Lari, Kelinci, Lari! /$c Phumy Zikode =250 ##$$a Cetakan Pertama =260 ##$$a Jakarta :$b Badan Perkembangan dan Pembinaan Bahasa,$c 2022 =300 ##$$a 20 hlm. : $b Ilus. ; $c 22,9 cm =650 #4$$a CERITA ANAK-TERJEMAHAN =650 #4$$a LITERASI-BAHAN BACAAN =990 ##$$a TBM02030203